[Event "Ruhrgebiet Verbandsliga1 1213"]
[Site "Nordrheinwestfalen"]
[Date "2012.11.25"]
[Round "4.6"]
[White "Dawid, Adalbert"]
[Black "Novozhilov, Kirill"]
[Result "1-0"]
[WhiteElo "1838"]
[BlackElo "1616"]
[PlyCount "69"]
[EventDate "2012.09.02"]
[EventType "team-tourn"]
[EventRounds "9"]
[EventCountry "GER"]
[SourceTitle "EXT 2020"]
[Source "ChessBase"]
[SourceDate "2019.10.17"]
[SourceVersion "1"]
[SourceVersionDate "2019.10.17"]
[SourceQuality "1"]
[WhiteTeam "Dortmund Hansa III"]
[BlackTeam "Oberhausen SV III"]
[WhiteTeamCountry "GER"]
[BlackTeamCountry "GER"]

1. d4 Nf6 2. c4 d6 3. Nc3 Nbd7 4. Bg5 g6 5. e4 Bg7 6. Be2 c6 7. Nf3 Qc7 8. 0-0 e5 9. d5 Nc5 10. Nd2 0-0 11. b4 Ncd7 12. Nb3 cxd5 13. Nxd5 Nxd5 14. cxd5 Nf6 15. Qd3 Ng4 16. Rac1 Qd7 17. Bxg4 Qxg4 18. Be7 Re8 19. Bxd6 f5 20. f3 Qg5 21. Bc5 b6 22. Bd6 a5 23. b5 a4 24. Nd2 Bh6 25. f4 exf4 26. e5 Bf8 27. Bxf8 Kxf8 28. Rc7 Kg8 29. Qd4 Qd8 30. Rfc1 Be6 31. d6 g5 32. Qxb6 Bxa2 33. Qb7 Rxe5 34. Rg7+ Kh8 35. Rxh7+ 1-0